حکایات رومى / Ḥikāyāt-i Rūmī / (Record no. 84813)
[ view plain ]
| 000 -LEADER | |
|---|---|
| fixed length control field | 01089 a2200205 4500 |
| 001 - CONTROL NUMBER | |
| control field | 84813 |
| 003 - CONTROL NUMBER IDENTIFIER | |
| rucl marc code | BD-RjUL |
| 005 - DATE AND TIME OF LATEST TRANSACTION | |
| control field | 20250416111114.0 |
| 008 - FIXED-LENGTH DATA ELEMENTS--GENERAL INFORMATION | |
| fixed length control field | 250416s1945 ii ||||| |||| 00| 0 urd d |
| 035 ## - SYSTEM CONTROL NUMBER | |
| System control number | (BD-RjUL) 84813 |
| 040 ## - CATALOGING SOURCE | |
| Original cataloging agency | BD-RjUL |
| Language of cataloging | eng |
| Transcribing agency | BD-RjUL |
| 041 ## - LANGUAGE CODE | |
| Language code of text/sound track or separate title | urd |
| 082 ## - DEWEY DECIMAL CLASSIFICATION NUMBER | |
| Edition number | 23 |
| Classification number | 891.55 |
| Author mark and year | FAH 1945 |
| 100 ## - MAIN ENTRY--PERSONAL NAME | |
| Personal name | فریدآبادى، سيد هاشمى ، ;; Faridabadi, Syed Hashmi, |
| 9 (RLIN) | 15243 |
| 245 10 - TITLE STATEMENT | |
| Title | حکایات رومى / Ḥikāyāt-i Rūmī / |
| Remainder of title | رجمه از مرزا نظام شاه لبیب ؛ به نظر ثانى، سيد هاشمى فریدآبادى., جلال االدین رومى، مولانا، جلال الدین رومى، مولانا، 1207-1273, author (Author), هاشمى فریدآبادى، سيد، / tarjamah az Mirzā Niẓām Shāh Labīb ; bah naẓr-i s̲ānī, Sayyid Hāshimī Farīdābādī., Jalāl al-Dīn Rūmī (Author), Sayyid Hāshmī Farīdābādī |
| 260 ## - PUBLICATION, DISTRIBUTION, ETC. (IMPRINT) | |
| Place of publication, distribution, etc. | Dihlī, :هند |
| Name of publisher, distributor, etc. | انجمن ترقىّ اردو، ، |
| Date of publication, distribution, etc. | 1945 |
| 300 ## - PHYSICAL DESCRIPTION | |
| Pagination | 238 p. ; |
| Size | 20 cm |
| 650 ## - SUBJECT ADDED ENTRY--TOPICAL TERM | |
| Topical term or geographic name as entry element | Didactic literature, Persian |
| 9 (RLIN) | 15244 |
| 942 ## - ADDED ENTRY ELEMENTS (KOHA) | |
| Source of classification or shelving scheme | Dewey Decimal Classification |
| Koha item type | Books |
| Lost status | Source of classification or shelving scheme | Damaged status | Not for loan | Collection code | Permanent Location | Current Location | Shelving location | Date acquired | Total Checkouts | Full call number | Date last seen | Copy number | Koha item type |
|---|---|---|---|---|---|---|---|---|---|---|---|---|---|
| Dewey Decimal Classification | Not For Loan | Non-fiction | Central Library, University of Rajshahi | Central Library, University of Rajshahi | Reading Room | 16/04/2025 | U 891.55 FAH 1945 | 16/04/2025 | C-1 | Books |